000 00467nam a2200157Ia 4500
005 20250424120320.0
008 250424s9999 xx 000 0 und d
022 _a25049550
245 0 _aPR monthly: apublication of the Nigerian institute of public relations (FCT chapter, Abuja)
260 _aAbuja, Nigeria
260 _bAGM special edition
260 _c2018
300 _a18 p. :ill. ; 29 cm.
650 _aBridging the trust gap in governance
942 _cSR
999 _c38617
_d38617